000 00270nam a2200097Ia 4500
001 1207558
005 20250827022828.0
008 250824s9999 xx 000 0 und d
245 0 _aÇANAKKALEDE AÇAN VATAN ÇİÇEKLERİ
_cHASAN BAYRAKTAR
260 _bKAYALIPARK YAYINLARI
999 _c1207558
_d1207558